[Event "CZE-ch U12 Girls"]
[Site "Teplice"]
[Date "2023.03.18"]
[Round "9"]
[White "Stepankova, Linda"]
[Black "Levchenko, Alisa"]
[Result "1-0"]
[WhiteElo "1152"]
[BlackElo "1000"]
[PlyCount "111"]
[EventDate "2023.03.11"]
[EventType "swiss"]
[EventRounds "9"]
[EventCountry "CZE"]
[SourceTitle "CBM 213 Extra"]
[Source "ChessBase"]
[SourceDate "2023.05.31"]
[SourceVersion "1"]
[SourceVersionDate "2023.05.31"]
[SourceQuality "1"]

1. d4 d5 2. Bf4 Nf6 3. e3 c5 4. c3 Nc6 5. Bd3 e6 6. Nf3 Bd6 7. Ne5 Qc7 8. Nxc6 bxc6 9. Bxd6 Qxd6 10. Nd2 0-0 11. Qf3 c4 12. Bc2 Rb8 13. Rb1 Bd7 14. Qh3 h6 15. Nf3 Rfe8 16. Ne5 c5 17. Qg3 cxd4 18. Nxd7 Qxd7 19. exd4 a5 20. 0-0 a4 21. h3 Rb7 22. b3 axb3 23. axb3 cxb3 24. Rxb3 Rxb3 25. Bxb3 Ne4 26. Qe3 Rc8 27. Rc1 Qb7 28. c4 dxc4 29. Rxc4 Rxc4 30. Bxc4 Nd6 31. Be2 Qb1+ 32. Kh2 Qe4 33. Qxe4 Nxe4 34. f3 Nc3 35. Bc4 Kf8 36. Kg3 Ke7 37. Kf4 Kf6 38. g4 g5+ 39. Ke3 Nd5+ 40. Ke4 Nf4 41. h4 Nd5 42. hxg5+ Kxg5 43. Bxd5 f5+ 44. gxf5 exf5+ 45. Ke5 h5 46. f4+ Kg4 47. Bc6 h4 48. d5 h3 49. d6 h2 50. d7 Kg3 51. d8Q Kf2 52. Qh4+ Kg1 53. Qg3+ Kf1 54. Qg2+ Ke1 55. Bf3 h1Q 56. Qe2# 1-0

[Event "CZE-ch U12 Girls"]
[Site "Teplice"]
[Date "2023.03.15"]
[Round "6"]
[White "Kusova, Nikola"]
[Black "Levchenko, Alisa"]
[Result "1-0"]
[WhiteElo "1236"]
[BlackElo "1000"]
[PlyCount "131"]
[EventDate "2023.03.11"]
[EventType "swiss"]
[EventRounds "9"]
[EventCountry "CZE"]
[SourceTitle "CBM 213 Extra"]
[Source "ChessBase"]
[SourceDate "2023.05.31"]
[SourceVersion "1"]
[SourceVersionDate "2023.05.31"]
[SourceQuality "1"]

1. e4 c5 2. Nf3 d6 3. d4 cxd4 4. Nxd4 Nf6 5. Nc3 g6 6. Be3 Bg7 7. f3 0-0 8. Qd2 Re8 9. 0-0-0 Nc6 10. Kb1 Qa5 11. Nb3 Qc7 12. h4 h5 13. g4 Ne5 14. gxh5 Nxh5 15. Qg2 Be6 16. Be2 Bc4 17. f4 Bxe2 18. Nxe2 Nc4 19. Bc1 Rec8 20. Ned4 Qb6 21. Nf3 Ne3 22. Bxe3 Qxe3 23. Ng5 Qxf4 24. Rhf1 Qe5 25. c3 b5 26. Rf3 Nf4 27. Qf2 b4 28. Rxf4 bxc3 29. bxc3 Qxc3 30. Qd2 Qe5 31. Nxf7 Qe6 32. Qd5 Qxd5 33. exd5 a5 34. Rc1 Rf8 35. Rcf1 a4 36. Nd2 Rfc8 37. Nc4 Rab8+ 38. Kc2 Rb2+ 39. Kd3 Rxa2 40. Ng5 a3 41. R4f2 Ra1 42. Rxa1 Bxa1 43. Ra2 Bb2 44. Nxb2 axb2 45. Rxb2 Kg7 46. Re2 Rc7 47. Ne6+ Kh6 48. Nxc7 Kh5 49. Rxe7 Kxh4 50. Ne6 Kg4 51. Rd7 Kf5 52. Rxd6 Ke5 53. Rd8 Kf6 54. Rg8 Kf7 55. Rxg6 Kxg6 56. d6 Kf6 57. d7 Kxe6 58. d8Q Kf7 59. Qd6 Ke8 60. Qc7 Kf8 61. Qd7 Kg8 62. Qe7 Kh8 63. Ke4 Kg8 64. Kf5 Kh8 65. Kg6 Kg8 66. Qe8# 1-0